| 000 -LEADER |
| fixed length control field |
01400pab a2200169 454500 |
| 008 - FIXED-LENGTH DATA ELEMENTS--GENERAL INFORMATION |
| fixed length control field |
180718b2014 xxu||||| |||| 00| 0 eng d |
| 100 ## - MAIN ENTRY--PERSONAL NAME |
| Personal name |
Rabovsky, Thomas |
| 245 ## - TITLE STATEMENT |
| Title |
Support for performance-based finding: The role of political ideology, performance, and dysfunctional information enviornments |
| 260 ## - PUBLICATION, DISTRIBUTION, ETC. |
| Date of publication, distribution, etc. |
2014 |
| 300 ## - PHYSICAL DESCRIPTION |
| Extent |
p.761-774. |
| 362 ## - DATES OF PUBLICATION AND/OR SEQUENTIAL DESIGNATION |
| Dates of publication and/or sequential designation |
Nov-Dec |
| 520 ## - SUMMARY, ETC. |
| Summary, etc. |
As performance-based mechanisms for accountability have become increasingly commonplace in the public sector, it is apparent that administrative reactions to these reforms are central in determining their effectiveness. Unfortunately, we know relatively little about the factors that drive acceptance of performance-based accountability by administrative actors. This article employs data collected from an original survey instrument to examine the perceptions of presidents at American public colleges and universities regarding performance funding. The author finds that acceptance of performance as a basis for funding is driven by a variety of factors, including the partisanship of the state legislature, organizational performance (measured by institutional graduation rates), dysfunction in the external information environment, and the political ideology of university presidents. - Reproduced. |
| 650 ## - SUBJECT ADDED ENTRY--TOPICAL TERM |
| Topical term or geographic name entry element |
Performance appraisal |
| 773 ## - HOST ITEM ENTRY |
| Main entry heading |
Public Administration Review |
| 908 ## - PUT COMMAND PARAMETER (RLIN) |
| Put command parameter |
N |
| 909 ## - |
| -- |
106676 |